TIPS & TRICKS IN PRIODONTOLOGY (Record no. 33799)

MARC details
000 -LEADER
fixed length control field 00385nam a22001697a 4500
003 - CONTROL NUMBER IDENTIFIER
control field SGT
020 ## - INTERNATIONAL STANDARD BOOK NUMBER
International Standard Book Number 9788184485134
082 ## - DEWEY DECIMAL CLASSIFICATION NUMBER
Classification number 617.6
Item number T09B
100 ## - MAIN ENTRY--PERSONAL NAME
Personal name BATHLA, SHALU
245 ## - TITLE STATEMENT
Title TIPS & TRICKS IN PRIODONTOLOGY
250 ## - EDITION STATEMENT
Edition statement 1ST
260 ## - PUBLICATION, DISTRIBUTION, ETC. (IMPRINT)
Place of publication, distribution, etc INDIA
Name of publisher, distributor, etc JAYPEE PUB
Year of Publication 2009
300 ## - PAGE DESCRIPTION
No. of Pages 197
650 ## - SUBJECT ADDED ENTRY--TOPICAL TERM
Topical term or geographic name as entry element DENTISTRY
653 ## - KEYWORDS--INDEX TERM
Keyword term TIPS & TRICKS IN PRIODONTOLOGY
942 ## - ADDED ENTRY ELEMENTS (KOHA)
Source of classification or shelving scheme Dewey Decimal Classification
Koha item type Books
Holdings
Withdrawn status Lost status Source of classification or shelving scheme Damaged status Not for loan Collection code Home library Current library Shelving location Date acquired Vendor Name Cost, normal purchase price SGTU Bill Number Total Checkouts Full call number Accession No. (Barcode) Date last seen Bill Date Koha item type
    Dewey Decimal Classification   Not For Loan MEDICAL SGT Medical Library SGT Medical Library Reference Book 29/11/2025 ABC DELHI 2175.00 SGTU 22053   617.6 T09B FM16205 30/01/2026 29/11/2025 Books
    Dewey Decimal Classification   Not For Loan MEDICAL SGT Medical Library SGT Medical Library Reference Book 22/01/2026 ABC DELHI 2175.00 SGTU 22311   617.6 T09B FM16260 05/03/2026 22/01/2026 Books